Prioning, distribution and employment: economics of an enterprise system (Record no. 358728)

000 -LEADER
fixed length control field 00445cam a22001457a 4500
008 - FIXED-LENGTH DATA ELEMENTS--GENERAL INFORMATION
fixed length control field 180718b1953 xxu||||| |||| 00| 0 eng d
082 ## - DEWEY DECIMAL CLASSIFICATION NUMBER
Classification number T1 B16
100 ## - MAIN ENTRY--PERSONAL NAME
Personal name Bain, Joe S.
245 ## - TITLE STATEMENT
Title Prioning, distribution and employment: economics of an enterprise system
Statement of responsibility, etc. by Joe S. Bain
250 ## - EDITION STATEMENT
Edition statement rev. ed.
260 ## - PUBLICATION, DISTRIBUTION, ETC.
Place of publication, distribution, etc. Calcutta
Name of publisher, distributor, etc. World Press
Date of publication, distribution, etc. 1953
300 ## - PHYSICAL DESCRIPTION
Extent 733p.
500 ## - GENERAL NOTE
General note Rs.18.50; Original work pub. N.Y., Holt, 1948
650 ## - SUBJECT ADDED ENTRY--TOPICAL TERM
Topical term or geographic name entry element Economics
Holdings
Withdrawn status Lost status Damaged status Not for loan Permanent Location Current Location Date acquired Full call number Barcode Date last seen Price effective from Koha item type
        Indian Institute of Public Administration Indian Institute of Public Administration 1994-02-02 T1 B16 13971 2018-07-21 2018-07-21 Book

Powered by Koha